[Event "Oberliga Ost-A 2122"]
[Site "Germany"]
[Date "2022.06.18"]
[Round "4.3"]
[White "Guenther, Christian1111"]
[Black "Genkin, Michael"]
[Result "1/2-1/2"]
[WhiteElo "2146"]
[BlackElo "2271"]
[PlyCount "45"]
[EventDate "2021.10.10"]
[EventType "team-tourn"]
[EventRounds "11"]
[EventCountry "GER"]
[SourceTitle "EXT 2023"]
[Source "ChessBase"]
[SourceDate "2022.10.05"]
[SourceVersion "1"]
[SourceVersionDate "2022.10.05"]
[SourceQuality "1"]
[WhiteTeam "Sangerhausen"]
[BlackTeam "Dresden Gruen Weiss"]
[WhiteTeamCountry "GER"]
[BlackTeamCountry "GER"]

1. d4 Nf6 2. c4 e6 3. Nc3 d5 4. cxd5 exd5 5. Bg5 c6 6. e3 Be7 7. Bd3 Nbd7 8. Nge2 h6 9. Bh4 Nh5 10. Bxe7 Qxe7 11. 0-0 0-0 12. Bc2 Nb6 13. b3 Re8 14. Qd3 g6 15. Qd2 Qg5 16. Nc1 Bf5 17. Nd3 Nc8 18. Rae1 Nd6 19. f3 Bxd3 20. Bxd3 Re6 21. Re2 Rae8 22. Rfe1 Kg7 23. Bb1 1/2-1/2

[Event "Oberliga Ost-A 2122"]
[Site "Germany"]
[Date "2022.05.08"]
[Round "8.3"]
[White "Roemling, Sven"]
[Black "Genkin, Michael"]
[Result "1/2-1/2"]
[WhiteElo "2203"]
[BlackElo "2271"]
[PlyCount "44"]
[EventDate "2021.10.10"]
[EventType "team-tourn"]
[EventRounds "11"]
[EventCountry "GER"]
[SourceTitle "EXT 2023"]
[Source "ChessBase"]
[SourceDate "2022.10.05"]
[SourceVersion "1"]
[SourceVersionDate "2022.10.05"]
[SourceQuality "1"]
[WhiteTeam "Leipzig SG II"]
[BlackTeam "Dresden Gruen Weiss"]
[WhiteTeamCountry "GER"]
[BlackTeamCountry "GER"]

1. e4 c5 2. Nf3 d6 3. d4 cxd4 4. Nxd4 Nf6 5. Nc3 e6 6. Be3 a6 7. f3 Nc6 8. Qd2 Qc7 9. 0-0-0 h5 10. Kb1 Bd7 11. Be2 Be7 12. h3 h4 13. Rhe1 Nxd4 14. Qxd4 Bc6 15. Qb6 Qxb6 16. Bxb6 Rc8 17. Bc4 Nd7 18. Bd4 Ne5 19. Bb3 g5 20. Na4 Bxa4 21. Bxa4+ b5 22. Bxe5 dxe5 1/2-1/2

[Event "Oberliga Ost-A 1920"]
[Site "Germany"]
[Date "2019.11.17"]
[Round "3.3"]
[White "Genkin, Michael"]
[Black "Rafayevych, Vilen"]
[Result "1/2-1/2"]
[WhiteElo "2273"]
[BlackElo "2112"]
[PlyCount "71"]
[EventDate "2019.09.29"]
[EventType "team-tourn"]
[EventRounds "11"]
[EventCountry "GER"]
[SourceTitle "EXT 2021"]
[Source "ChessBase"]
[SourceDate "2020.10.23"]
[SourceVersion "1"]
[SourceVersionDate "2020.10.23"]
[SourceQuality "1"]
[WhiteTeam "Dresden Gruen Weiss"]
[BlackTeam "Magdeburg Aufbau Elbe II"]
[WhiteTeamCountry "GER"]
[BlackTeamCountry "GER"]

1. d4 d5 2. c4 c6 3. cxd5 cxd5 4. Nf3 Nc6 5. Nc3 Nf6 6. Bf4 a6 7. e3 e6 8. Bd3 Bd6 9. Bxd6 Qxd6 10. Rc1 Bd7 11. 0-0 Na7 12. Ne5 0-0 13. f4 Nb5 14. Qb3 Nxc3 15. Rxc3 b5 16. Rfc1 Rac8 17. Rxc8 Rxc8 18. Rxc8+ Bxc8 19. Qc3 Bb7 20. b4 Ne8 21. Bc2 Qc7 22. Qxc7 Nxc7 23. f5 Bc8 24. fxe6 Bxe6 25. Kf2 f6 26. Nc6 Ne8 27. Na5 Nd6 28. Nb3 Nc4 29. Nc5 Bc8 30. Bd3 Nd6 31. Be2 f5 32. Bf3 Ne4+ 33. Ke1 Kf7 34. Nxe4 fxe4 35. Be2 Kf6 36. Kf2 1/2-1/2

[Event "Oberliga Ost-A 1920"]
[Site "Germany"]
[Date "2019.09.29"]
[Round "1.3"]
[White "Hovsepyan, Vardan"]
[Black "Genkin, Michael"]
[Result "1-0"]
[WhiteElo "2219"]
[BlackElo "2273"]
[PlyCount "277"]
[EventDate "2019.09.29"]
[EventType "team-tourn"]
[EventRounds "11"]
[EventCountry "GER"]
[SourceTitle "EXT 2021"]
[Source "ChessBase"]
[SourceDate "2020.10.23"]
[SourceVersion "1"]
[SourceVersionDate "2020.10.23"]
[SourceQuality "1"]
[WhiteTeam "Hoyerswerda"]
[BlackTeam "Dresden Gruen Weiss"]
[WhiteTeamCountry "GER"]
[BlackTeamCountry "GER"]

1. e4 c6 2. d4 d5 3. exd5 cxd5 4. c3 Nc6 5. Bd3 Nf6 6. h3 e5 7. dxe5 Nxe5 8. Qe2 Qe7 9. Bb5+ Nc6 10. Be3 Be6 11. Nf3 a6 12. Bd3 Qd7 13. Nbd2 Bd6 14. Nb3 0-0 15. Qc2 Rfe8 16. Nbd4 Ne4 17. Nxc6 bxc6 18. Nd4 g6 19. Bxe4 dxe4 20. Nxe6 Qxe6 21. Qa4 Bf8 22. 0-0-0 c5 23. Rd7 Red8 24. Rhd1 Rxd7 25. Rxd7 Rb8 26. Bf4 Rb5 27. Rd2 Rb7 28. Re2 f5 29. Rd2 Kf7 30. Rd8 Rb5 31. Ra8 Rb6 32. Ra7+ Kg8 33. Qd7 Qxd7 34. Rxd7 Rc6 35. Kc2 c4 36. b4 cxb3+ 37. axb3 Bc5 38. Be3 Bxe3 39. fxe3 Kf8 40. c4 Ke8 41. Rxh7 Rd6 42. c5 Rd3 43. c6 Kd8 44. Rd7+ Rxd7 45. cxd7 Kxd7 46. Kc3 Kc6 47. Kc4 a5 48. g3 Kb6 49. g4 fxg4 50. hxg4 g5 51. Kd4 Kb5 52. Kxe4 Kb4 53. Kf5 Kxb3 54. e4 a4 55. e5 a3 56. e6 a2 57. e7 a1Q 58. e8Q Qc1 59. Qg8+ Ka3 60. Qxg5 Qc5+ 61. Kg6 Qc6+ 62. Qf6 Qe4+ 63. Qf5 Qe8+ 64. Kg7 Qe7+ 65. Kg8 Ka4 66. Qf4+ Ka5 67. Qd2+ Ka4 68. Qa2+ Kb4 69. Qd5 Qe8+ 70. Kg7 Qe7+ 71. Kg6 Qe8+ 72. Qf7 Qe4+ 73. Qf5 Qe8+ 74. Kg7 Qe7+ 75. Kg8 Ka4 76. g5 Qe8+ 77. Kg7 Qe7+ 78. Kh6 Qe3 79. Qd7+ Ka5 80. Qd5+ Ka4 81. Qc6+ Ka5 82. Qf6 Ka4 83. Kg7 Qa7+ 84. Kh8 Qb8+ 85. Kh7 Qc7+ 86. Kg8 Qc8+ 87. Kf7 Qc4+ 88. Qe6 Qf4+ 89. Kg6 Qd4 90. Qc6+ Ka5 91. Qa8+ Kb5 92. Qb7+ Ka5 93. Qc7+ Ka4 94. Qc6+ Ka5 95. Kf7 Qf4+ 96. Qf6 Qc4+ 97. Kg7 Qc7+ 98. Kh8 Qc8+ 99. Kh7 Qd7+ 100. Kg8 Qe8+ 101. Kg7 Qd7+ 102. Kf8 Qc8+ 103. Ke7 Qc5+ 104. Kd7 Qd5+ 105. Ke8 Qg8+ 106. Ke7 Qh7+ 107. Kd6 Qd3+ 108. Kc5 Qc2+ 109. Kd5 Qd2+ 110. Ke6 Qa2+ 111. Ke7 Qa3+ 112. Qd6 Qe3+ 113. Kf6 Qf3+ 114. Kg7 Qb7+ 115. Kf8 Qc8+ 116. Ke7 Qb7+ 117. Kd8 Qa8+ 118. Kd7 Qg8 119. g6 Qg7+ 120. Kc6 Ka4 121. Qd1+ Ka3 122. Qf3+ Ka4 123. Qf4+ Ka3 124. Qf7 Qc3+ 125. Kd7 Qd3+ 126. Ke7 Qe4+ 127. Kf8 Qa8+ 128. Qe8 Qf3+ 129. Kg8 Qd5+ 130. Qf7 Qd4 131. g7 Ka4 132. Qe8+ Ka5 133. Qa8+ Kb4 134. Qb7+ Ka4 135. Qc6+ Ka5 136. Kf7 Qf4+ 137. Qf6 Qc4+ 138. Kg6 Qg8 139. Qf7 1-0

[Event "SWE-chT 0708"]
[Site "Sweden"]
[Date "2007.10.21"]
[Round "3"]
[White "Genkin, Michael"]
[Black "Penalver, Osmani"]
[Result "1/2-1/2"]
[WhiteElo "2351"]
[BlackElo "2264"]
[PlyCount "93"]
[EventDate "2007.10.19"]
[EventType "team"]
[EventRounds "11"]
[EventCountry "SWE"]
[SourceTitle "EXT 2009"]
[Source "ChessBase"]
[SourceDate "2008.11.26"]
[SourceVersion "1"]
[SourceVersionDate "2008.11.26"]
[SourceQuality "1"]
[WhiteTeam "Wasa"]
[BlackTeam "Limhamn"]
[WhiteTeamCountry "SWE"]
[BlackTeamCountry "SWE"]

1. Nf3 Nf6 2. g3 d5 3. Bg2 c6 4. 0-0 Bf5 5. d3 e6 6. Nbd2 Be7 7. c4 0-0 8. Nh4 Bg4 9. h3 Bh5 10. g4 Nfd7 11. gxh5 Bxh4 12. e4 dxe4 13. Nxe4 Ne5 14. Bf4 Qd4 15. Bxe5 Qxe5 16. d4 Qf4 17. Qg4 Qxg4 18. hxg4 Rd8 19. Rad1 Be7 20. f4 Nd7 21. g5 g6 22. h6 Nb6 23. b3 Rac8 24. Kf2 Rc7 25. Ke3 Rcd7 26. Bf3 Na8 27. a3 Nc7 28. a4 Ne8 29. Rd3 Nd6 30. Nxd6 Bxd6 31. Ke4 Bc7 32. Rc1 Kf8 33. b4 Ke7 34. Be2 f6 35. gxf6+ Kxf6 36. b5 Ke7 37. Bg4 Rf8 38. Rf1 Rdd8 39. bxc6 bxc6 40. Rb3 Rb8 41. Rxb8 Rxb8 42. Rf3 Rb1 43. Re3 Ba5 44. c5 Re1 45. Rxe1 Bxe1 46. Ke5 Bh4 47. Bh3 1/2-1/2

[Event "SWE-chT 0607"]
[Site "Sweden"]
[Date "2007.03.17"]
[Round "10"]
[White "Genkin, Michael"]
[Black "Ivarsson, Stefan"]
[Result "1/2-1/2"]
[WhiteElo "2350"]
[BlackElo "2303"]
[PlyCount "107"]
[EventDate "2006.10.20"]
[EventType "team"]
[EventRounds "11"]
[EventCountry "SWE"]
[SourceTitle "EXT 2009"]
[Source "ChessBase"]
[SourceDate "2008.11.26"]
[SourceVersion "1"]
[SourceVersionDate "2008.11.26"]
[SourceQuality "1"]
[WhiteTeam "Wasa"]
[BlackTeam "Astorp"]
[WhiteTeamCountry "SWE"]
[BlackTeamCountry "SWE"]

1. e4 e6 2. d4 d5 3. Nd2 c5 4. exd5 Qxd5 5. Ngf3 cxd4 6. Bc4 Qd6 7. 0-0 Nf6 8. Nb3 Nc6 9. Nbxd4 Nxd4 10. Nxd4 a6 11. b3 Qc7 12. Bb2 Bd6 13. h3 b5 14. Be2 Bb7 15. Bf3 Rd8 16. Bxb7 Qxb7 17. Qe2 0-0 18. Rfd1 Bc5 19. Rd3 Qe4 20. Qxe4 Nxe4 21. Re1 Nf6 22. Red1 Rc8 23. c4 bxc4 24. bxc4 Ne4 25. Re1 Nd6 26. Rc1 Bxd4 27. Rxd4 Rc6 28. Ba3 Nf5 29. Rd7 Rfc8 30. c5 h5 31. Rb1 Nh6 32. Rbb7 Rxc5 33. Bxc5 Rxc5 34. Ra7 Ra5 35. Rd6 Rxa2 36. Rdxa6 Rd2 37. g3 Rd5 38. Kg2 g6 39. Ra5 Rd3 40. Ra3 Rd6 41. R3a4 Kg7 42. g4 hxg4 43. hxg4 Rd5 44. Kg3 g5 45. f3 Rb5 46. R7a5 Rxa5 47. Rxa5 Kg6 48. Ra6 Ng8 49. Kf2 Nf6 50. Ra8 Kg7 51. Ke3 Nd5+ 52. Kd4 Nf4 53. Ke5 Ng6+ 54. Ke4 1/2-1/2

[Event "SWE-chT 0607"]
[Site "Sweden"]
[Date "2007.03.16"]
[Round "9"]
[White "Jepson, Christian"]
[Black "Genkin, Michael"]
[Result "1/2-1/2"]
[WhiteElo "2453"]
[BlackElo "2350"]
[PlyCount "87"]
[EventDate "2006.10.20"]
[EventType "team"]
[EventRounds "11"]
[EventCountry "SWE"]
[SourceTitle "EXT 2009"]
[Source "ChessBase"]
[SourceDate "2008.11.26"]
[SourceVersion "1"]
[SourceVersionDate "2008.11.26"]
[SourceQuality "1"]
[WhiteTeam "Limhamn"]
[BlackTeam "Wasa"]
[WhiteTeamCountry "SWE"]
[BlackTeamCountry "SWE"]

1. d4 Nf6 2. c4 g6 3. Nc3 d5 4. Nf3 Bg7 5. Bg5 Ne4 6. cxd5 Nxg5 7. Nxg5 e6 8. Qd2 exd5 9. Qe3+ Kf8 10. Qf4 Bf6 11. h4 h6 12. Nxd5 hxg5 13. Qxf6 Qxf6 14. Nxf6 Rxh4 15. Rxh4 gxh4 16. Nd5 Na6 17. e4 c6 18. Ne3 Nc7 19. Rc1 Bd7 20. f3 Rc8 21. Kf2 Ne6 22. Rd1 Rd8 23. g3 hxg3+ 24. Kxg3 Be8 25. d5 cxd5 26. Rxd5 Rxd5 27. Nxd5 Nd4 28. Kf4 Bd7 29. Ke3 Nc2+ 30. Kd2 Nd4 31. Ke3 Nc2+ 32. Kd2 Nd4 33. f4 Be6 34. Nc3 f6 35. Ke3 Nc2+ 36. Kd2 Nd4 37. Ke3 Nc2+ 38. Kd2 Nd4 39. Bg2 Ke7 40. Ke3 Nc2+ 41. Kd2 Nd4 42. Ke3 Nc2+ 43. Kd2 Nd4 44. Ke3 1/2-1/2

[Event "SWE-chT 0607"]
[Site "Sweden"]
[Date "2007.01.20"]
[Round "6"]
[White "Genkin, Michael"]
[Black "Tikkanen, Hans"]
[Result "1/2-1/2"]
[WhiteElo "2350"]
[BlackElo "2430"]
[PlyCount "51"]
[EventDate "2006.10.20"]
[EventType "team"]
[EventRounds "11"]
[EventCountry "SWE"]
[SourceTitle "EXT 2009"]
[Source "ChessBase"]
[SourceDate "2008.11.26"]
[SourceVersion "1"]
[SourceVersionDate "2008.11.26"]
[SourceQuality "1"]
[WhiteTeam "Wasa"]
[BlackTeam "Lund"]
[WhiteTeamCountry "SWE"]
[BlackTeamCountry "SWE"]

1. e4 c5 2. Nf3 Nc6 3. d4 cxd4 4. Nxd4 Nf6 5. Nc3 e5 6. Ndb5 d6 7. Nd5 Nxd5 8. exd5 Nb8 9. c4 Be7 10. Be2 0-0 11. 0-0 a6 12. Nc3 Nd7 13. Be3 f5 14. f3 b6 15. Kh1 a5 16. Qc2 g6 17. a3 Ba6 18. b3 Qc7 19. Rac1 Rac8 20. Qb1 Qb8 21. Rc2 Nf6 22. Rfc1 Kg7 23. Qb2 f4 24. Bf2 Bd8 25. Bd3 Rf7 26. Ne4 1/2-1/2

[Event "Oberliga Ost-B 0506"]
[Site "Germany"]
[Date "2006.04.02"]
[Round "11.1"]
[White "Grabarczyk, Miroslaw"]
[Black "Genkin, Michael"]
[Result "1/2-1/2"]
[WhiteElo "2485"]
[BlackElo "2327"]
[PlyCount "63"]
[EventDate "2005.11.13"]
[EventType "team-tourn"]
[EventRounds "11"]
[EventCountry "GER"]
[SourceTitle "EXT 2007"]
[Source "ChessBase"]
[SourceDate "2006.11.23"]
[SourceVersion "1"]
[SourceVersionDate "2006.11.23"]
[SourceQuality "1"]
[WhiteTeam "Griesheim"]
[BlackTeam "Hungen Lich"]
[WhiteTeamCountry "GER"]
[BlackTeamCountry "GER"]

1. d4 Nf6 2. c4 g6 3. g3 Bg7 4. Bg2 0-0 5. Nc3 d6 6. Nf3 Nbd7 7. 0-0 e5 8. e4 exd4 9. Nxd4 Re8 10. Re1 Nc5 11. Nb3 Nfd7 12. Nxc5 Nxc5 13. Be3 c6 14. Bd4 Bf8 15. Qd2 a5 16. Rad1 Qc7 17. b3 Bg4 18. f3 Bc8 19. Kh1 b6 20. f4 Bb7 21. Qf2 Rad8 22. a3 Bg7 23. Bxg7 Kxg7 24. b4 Na6 25. Qb2 f6 26. Rb1 axb4 27. axb4 Rb8 28. Red1 Red8 29. Rd2 Qf7 30. b5 Nc5 31. bxc6 Bxc6 32. Nd5 1/2-1/2

[Event "Oberliga Ost-B 0506"]
[Site "Germany"]
[Date "2006.01.15"]
[Round "5.1"]
[White "Paehtz, Thomas Jr"]
[Black "Genkin, Michael"]
[Result "1/2-1/2"]
[WhiteElo "2279"]
[BlackElo "2327"]
[PlyCount "38"]
[EventDate "2005.11.13"]
[EventType "team-tourn"]
[EventRounds "11"]
[EventCountry "GER"]
[SourceTitle "EXT 2007"]
[Source "ChessBase"]
[SourceDate "2006.11.23"]
[SourceVersion "1"]
[SourceVersionDate "2006.11.23"]
[SourceQuality "1"]
[WhiteTeam "Soemmerda"]
[BlackTeam "Hungen Lich"]
[WhiteTeamCountry "GER"]
[BlackTeamCountry "GER"]

1. e4 e6 2. d4 d5 3. Nc3 Bb4 4. e5 b6 5. a3 Bxc3+ 6. bxc3 Qd7 7. Nh3 Ne7 8. Nf4 Qa4 9. Nh5 Rg8 10. Bd3 Ng6 11. c4 Ba6 12. cxd5 Bxd3 13. Qxd3 Qa5+ 14. c3 Qxd5 15. 0-0 Nc6 16. Bh6 0-0-0 17. Nxg7 Kb8 18. Qh3 Nf4 19. Qg4 Nd3 1/2-1/2

[Event "Oberliga Ost-B 0405"]
[Site "Germany"]
[Date "2005.04.10"]
[Round "11.2"]
[White "Karabalis, Harilos"]
[Black "Genkin, Michael"]
[Result "1/2-1/2"]
[WhiteElo "2255"]
[BlackElo "2325"]
[PlyCount "60"]
[EventDate "2004.10.10"]
[EventType "team-tourn"]
[EventRounds "11"]
[EventCountry "GER"]
[SourceTitle "EXT 2006"]
[Source "ChessBase"]
[SourceDate "2005.11.24"]
[SourceVersion "1"]
[SourceVersionDate "2005.11.24"]
[SourceQuality "1"]
[WhiteTeam "Frankfurt BvK"]
[BlackTeam "Hungen Lich"]
[WhiteTeamCountry "GER"]
[BlackTeamCountry "GER"]

1. e4 c5 2. Nf3 d6 3. d4 cxd4 4. Nxd4 Nf6 5. Nc3 a6 6. f3 Nc6 7. Nb3 g6 8. Bg5 Bg7 9. Qd2 0-0 10. 0-0-0 Be6 11. Nd5 Bxd5 12. exd5 Ne5 13. Bh6 Rc8 14. Bxg7 Kxg7 15. h4 h5 16. Bd3 Qc7 17. Nd4 Nxd3+ 18. Qxd3 Nxd5 19. Rd2 Qc4 20. Qa3 Nb4 21. Qe3 e6 22. c3 Qxa2 23. Nc2 Nxc2 24. Kxc2 Rc4 25. Rxd6 Qa4+ 26. Kb1 Rxh4 27. Qe5+ Kg8 28. Rhd1 Qb3 29. Rd8 Kh7 30. R8d7 Qa4 1/2-1/2

[Event "Oberliga Ost-B 0405"]
[Site "Germany"]
[Date "2005.01.15"]
[Round "6.2"]
[White "Genkin, Michael"]
[Black "Broemel, Richard"]
[Result "1/2-1/2"]
[WhiteElo "2325"]
[BlackElo "2184"]
[PlyCount "75"]
[EventDate "2004.10.10"]
[EventType "team-tourn"]
[EventRounds "11"]
[EventCountry "GER"]
[SourceTitle "EXT 2006"]
[Source "ChessBase"]
[SourceDate "2005.11.24"]
[SourceVersion "1"]
[SourceVersionDate "2005.11.24"]
[SourceQuality "1"]
[WhiteTeam "Hungen Lich"]
[BlackTeam "Jena Glas"]
[WhiteTeamCountry "GER"]
[BlackTeamCountry "GER"]

1. d4 Nf6 2. c4 e6 3. Nc3 d5 4. Bg5 Be7 5. e3 0-0 6. Nf3 b6 7. cxd5 exd5 8. Rc1 Be6 9. Bd3 Nbd7 10. 0-0 c5 11. dxc5 bxc5 12. Bb1 Rc8 13. h3 Re8 14. Qc2 g6 15. Rfd1 Nb6 16. Qe2 Nh5 17. Bxe7 Qxe7 18. Qa6 Rb8 19. b3 Nf6 20. Qa3 Rec8 21. Bd3 Nfd7 22. Ba6 Re8 23. Bb5 Rec8 24. Bxd7 Qxd7 25. Ne4 Qe7 26. Nxc5 Nc4 27. bxc4 Qxc5 28. Qxc5 Rxc5 29. cxd5 Rxc1 30. Rxc1 Bxd5 31. a3 Rb3 32. Ra1 Bxf3 33. gxf3 Kg7 34. Kg2 Kf6 35. f4 Ke6 36. a4 a5 37. Kf3 Rb4 38. Kg4 1/2-1/2

[Event "Oberliga Ost-B 0405"]
[Site "Germany"]
[Date "2004.11.28"]
[Round "4.2"]
[White "Genkin, Michael"]
[Black "Zschiedrich, Heiko"]
[Result "1-0"]
[WhiteElo "2325"]
[BlackElo "2213"]
[PlyCount "57"]
[EventDate "2004.10.10"]
[EventType "team-tourn"]
[EventRounds "11"]
[EventCountry "GER"]
[SourceTitle "EXT 2006"]
[Source "ChessBase"]
[SourceDate "2005.11.24"]
[SourceVersion "1"]
[SourceVersionDate "2005.11.24"]
[SourceQuality "1"]
[WhiteTeam "Hungen Lich"]
[BlackTeam "Erfurt Empor"]
[WhiteTeamCountry "GER"]
[BlackTeamCountry "GER"]

1. d4 Nf6 2. c4 d6 3. Nf3 Bg4 4. Nc3 c6 5. e4 e6 6. Be2 Be7 7. 0-0 0-0 8. d5 cxd5 9. cxd5 exd5 10. exd5 Nbd7 11. Nd4 Bxe2 12. Qxe2 Re8 13. Bf4 Qa5 14. Qb5 Qb6 15. Rfd1 a6 16. Qxb6 Nxb6 17. Nf5 Rad8 18. f3 Bf8 19. Bg5 Re5 20. g4 Rc8 21. Bxf6 gxf6 22. Ne4 Rc2 23. Nxf6+ Kh8 24. Re1 Rxb2 25. f4 Ree2 26. Rxe2 Rxe2 27. Rb1 Nxd5 28. Nxd5 b5 29. Rc1 1-0

[Event "Oberliga Ost-B 0405"]
[Site "Germany"]
[Date "2004.11.13"]
[Round "2.2"]
[White "Genkin, Michael"]
[Black "Beisswanger, Wolf"]
[Result "0-1"]
[WhiteElo "2325"]
[BlackElo "2385"]
[PlyCount "92"]
[EventDate "2004.10.10"]
[EventType "team-tourn"]
[EventRounds "11"]
[EventCountry "GER"]
[SourceTitle "EXT 2006"]
[Source "ChessBase"]
[SourceDate "2005.11.24"]
[SourceVersion "1"]
[SourceVersionDate "2005.11.24"]
[SourceQuality "1"]
[WhiteTeam "Hungen Lich"]
[BlackTeam "Offenbach"]
[WhiteTeamCountry "GER"]
[BlackTeamCountry "GER"]

1. d4 f5 2. e4 fxe4 3. Nc3 Nf6 4. Bg5 Nc6 5. d5 Ne5 6. Qd4 Nf7 7. Bxf6 exf6 8. Nxe4 Be7 9. 0-0-0 0-0 10. f4 d6 11. Ng3 c5 12. Qe4 f5 13. Nxf5 Bf6 14. Ng3 Re8 15. Qd3 b5 16. N1e2 Bg4 17. Ne4 c4 18. Nxf6+ Qxf6 19. Qd2 b4 20. h3 c3 21. Qd3 Bxe2 22. Bxe2 Qxf4+ 23. Kb1 Ne5 24. Qd4 Qg3 25. Bb5 Rf8 26. Rhf1 Rxf1 27. Rxf1 Qxg2 28. Qxb4 a6 29. Bxa6 Nf3 30. Rc1 Nd2+ 31. Ka1 Qxh3 32. Qxd6 Qe3 33. Rh1 Qa7 34. Re1 Qxa6 35. Qxa6 cxb2+ 36. Kxb2 Rxa6 37. Kc3 Nf3 38. Rf1 g5 39. Kc4 g4 40. Kc5 Rxa2 41. c4 Rc2 42. d6 Kf7 43. Kd5 Rd2+ 44. Kc6 Ke6 45. c5 Ne5+ 46. Kb6 Rb2+ 0-1

[Event "Hessenliga 0304"]
[Site "Germany"]
[Date "2004.02.29"]
[Round "7.1"]
[White "Jakel, Wolfgang"]
[Black "Genkin, Michael"]
[Result "0-1"]
[WhiteElo "2247"]
[BlackElo "2325"]
[PlyCount "90"]
[EventDate "2003.10.??"]
[EventType "team"]
[EventRounds "9"]
[EventCountry "GER"]
[SourceTitle "EXT 2005"]
[Source "ChessBase"]
[SourceDate "2004.11.15"]
[SourceVersion "1"]
[SourceVersionDate "2004.11.15"]
[SourceQuality "1"]
[WhiteTeam "Offenbach II"]
[BlackTeam "Wetzlar"]
[WhiteTeamCountry "GER"]
[BlackTeamCountry "GER"]

1. e4 c5 2. Nc3 e6 3. g3 Nc6 4. Bg2 g6 5. Nge2 Bg7 6. d3 d6 7. Be3 Nge7 8. d4 cxd4 9. Nxd4 a6 10. 0-0 0-0 11. h3 Qc7 12. Qd2 Ne5 13. b3 b5 14. a4 b4 15. Na2 a5 16. Nb5 Qb8 17. Rad1 Rd8 18. c4 bxc3 19. Naxc3 Ba6 20. Bh6 Qb6 21. Bxg7 Kxg7 22. Kh2 N5c6 23. f4 e5 24. f5 f6 25. fxg6 hxg6 26. Rf2 Bxb5 27. Nxb5 Rd7 28. Bf3 Rf8 29. Bg4 Rdd8 30. Be6 d5 31. exd5 Nxd5 32. Qe1 Ne3 33. Rd7+ Rxd7 34. Bxd7 Nb4 35. Rd2 Nbd5 36. Bg4 f5 37. Bf3 e4 38. Bg2 Qf6 39. Rf2 Qe5 40. Kg1 Qxg3 41. Qxa5 Rc8 42. Qd2 Kh7 43. Nd4 Nf4 44. Rxf4 Rc1+ 45. Rf1 Rxf1# 0-1

[Event "Hessenliga 0304"]
[Site "Germany"]
[Date "2004.01.25"]
[Round "5.1"]
[White "Kuech, Holger"]
[Black "Genkin, Michael"]
[Result "1/2-1/2"]
[WhiteElo "2209"]
[BlackElo "2325"]
[PlyCount "32"]
[EventDate "2003.10.??"]
[EventType "team"]
[EventRounds "9"]
[EventCountry "GER"]
[SourceTitle "EXT 2005"]
[Source "ChessBase"]
[SourceDate "2004.11.15"]
[SourceVersion "1"]
[SourceVersionDate "2004.11.15"]
[SourceQuality "1"]
[WhiteTeam "Eppstein"]
[BlackTeam "Wetzlar"]
[WhiteTeamCountry "GER"]
[BlackTeamCountry "GER"]

1. c4 c6 2. g3 d5 3. Bg2 e6 4. Nf3 Nf6 5. b3 Bd6 6. Bb2 0-0 7. 0-0 b6 8. d3 Bb7 9. Nbd2 Nbd7 10. e4 dxe4 11. Nxe4 Be7 12. Qe2 c5 13. Nxf6+ Bxf6 14. d4 cxd4 15. Nxd4 Bxg2 16. Kxg2 Qc7 1/2-1/2

[Event "Hessenliga 0304"]
[Site "Germany"]
[Date "2003.12.07"]
[Round "4.1"]
[White "Genkin, Michael"]
[Black "Legde, Georg"]
[Result "1/2-1/2"]
[WhiteElo "2325"]
[BlackElo "2314"]
[PlyCount "67"]
[EventDate "2003.10.??"]
[EventType "team"]
[EventRounds "9"]
[EventCountry "GER"]
[SourceTitle "EXT 2005"]
[Source "ChessBase"]
[SourceDate "2004.11.15"]
[SourceVersion "1"]
[SourceVersionDate "2004.11.15"]
[SourceQuality "1"]
[WhiteTeam "Wetzlar"]
[BlackTeam "Giessen"]
[WhiteTeamCountry "GER"]
[BlackTeamCountry "GER"]

1. e4 c5 2. Nf3 Nc6 3. d4 cxd4 4. Nxd4 Nf6 5. Nc3 d6 6. Bg5 e6 7. Qd2 Be7 8. 0-0-0 0-0 9. f4 h6 10. Bxf6 Bxf6 11. Nxc6 bxc6 12. Qxd6 Qb6 13. e5 Rd8 14. Qa3 Qe3+ 15. Kb1 Rxd1+ 16. Nxd1 Qxa3 17. bxa3 Be7 18. Kc1 Bxa3+ 19. Kd2 Rb8 20. g3 g5 21. Bg2 gxf4 22. gxf4 Rb4 23. f5 exf5 24. Bxc6 Be6 25. Ne3 Rh4 26. c3 Be7 27. Nd5 Bg5+ 28. Kd3 Kg7 29. c4 Kg6 30. c5 Rh3+ 31. Kd4 Rh4+ 32. Kd3 f4 33. Nc3 Rh3+ 34. Kd4 1/2-1/2

[Event "Hessenliga 0304"]
[Site "Germany"]
[Date "2003.11.09"]
[Round "3.1"]
[White "Brauer, Volker"]
[Black "Genkin, Michael"]
[Result "0-1"]
[WhiteElo "2153"]
[BlackElo "2325"]
[PlyCount "56"]
[EventDate "2003.10.??"]
[EventType "team"]
[EventRounds "9"]
[EventCountry "GER"]
[SourceTitle "EXT 2005"]
[Source "ChessBase"]
[SourceDate "2004.11.15"]
[SourceVersion "1"]
[SourceVersionDate "2004.11.15"]
[SourceQuality "1"]
[WhiteTeam "Limburg"]
[BlackTeam "Wetzlar"]
[WhiteTeamCountry "GER"]
[BlackTeamCountry "GER"]

1. c4 e5 2. Nc3 Nf6 3. Nf3 Nc6 4. d4 exd4 5. Nxd4 Bb4 6. Bg5 h6 7. Bh4 Bxc3+ 8. bxc3 d6 9. f4 Qe7 10. Nxc6 bxc6 11. Qd4 c5 12. Qd2 Rb8 13. e3 g5 14. fxg5 Ne4 15. Qc2 hxg5 16. Bf2 Qe5 17. Bd3 Nxf2 18. Kxf2 Rxh2 19. Rxh2 Qxh2 20. Rb1 Qh4+ 21. Kg1 Rxb1+ 22. Qxb1 Qg3 23. Qc1 Bb7 24. Qd2 Bxg2 25. Qxg2 Qxe3+ 26. Kh2 Qxd3 27. Qxg5 Qh7+ 28. Kg3 Qg6 0-1

[Event "Hessenliga 0304"]
[Site "Germany"]
[Date "2003.09.28"]
[Round "1.1"]
[White "Genkin, Michael"]
[Black "Heiling, Thomas"]
[Result "1/2-1/2"]
[WhiteElo "2325"]
[BlackElo "2234"]
[PlyCount "27"]
[EventDate "2003.10.??"]
[EventType "team"]
[EventRounds "9"]
[EventCountry "GER"]
[SourceTitle "EXT 2005"]
[Source "ChessBase"]
[SourceDate "2004.11.15"]
[SourceVersion "1"]
[SourceVersionDate "2004.11.15"]
[SourceQuality "1"]
[WhiteTeam "Wetzlar"]
[BlackTeam "Marburg"]
[WhiteTeamCountry "GER"]
[BlackTeamCountry "GER"]

1. Nf3 Nf6 2. c4 c5 3. d4 cxd4 4. Nxd4 e5 5. Nb5 d5 6. cxd5 Bc5 7. e3 0-0 8. N5c3 e4 9. Be2 Nbd7 10. Nd2 Re8 11. Nc4 a6 12. a4 Nb6 13. Nxb6 Bxb6 14. 0-0 1/2-1/2